000 00306cam a22001217a 4500
008 180718b1996 xxu||||| |||| 00| 0 eng d
020 _a185152987X
082 _aA7:11 P539/96
245 _aPhilip's world atlas
260 _aLondon
_bReed Consumer Books
_c1996
300 _a288p.
650 _aWorld, Atlases
999 _c381646
_d381646